| Tag |
First Indicator |
Second Indicator |
Subfields |
| LEADER |
00000cas a2200000 a 4500 |
| 001 |
in00004452849 |
| 005 |
20191202121011.0 |
| 008 |
800324c197u9999mduuu f0uuua0eng d |
| 010 |
|
|
|a sn 83011376
|
| 035 |
|
|
|a (OCoLC)06122078
|
| 035 |
|
|
|9 AAA4017MS
|
| 035 |
|
|
|z (UtOrBLW)1801
|
| 035 |
|
|
|a 2976
|
| 040 |
|
|
|a LDL
|c LDL
|d m.c.
|d NST
|d TMV
|d UtOrBLW
|
| 042 |
|
|
|a nst
|
| 049 |
|
|
|a TMVM
|
| 050 |
|
4 |
|a SF967.T47
|b E75x
|
| 060 |
|
4 |
|a ZSF 967
|b T47 E63
|
| 245 |
0 |
0 |
|a Ephemeral fever bibliography.
|
| 264 |
|
1 |
|a [Hyattsville, Md.] :
|b U.S. Dept. of Agriculture, Animal and Plant Inspection Service, Veterinary Services, Emergency Programs
|
| 300 |
|
|
|a volumes ;
|c 23 x 28 cm.
|
| 336 |
|
|
|a text
|2 rdacontent
|b txt
|
| 337 |
|
|
|a unmediated
|2 rdamedia
|
| 338 |
|
|
|a volume
|2 rdacarrier
|b nc
|
| 500 |
|
|
|a Title from cover; description based on Aug. 1981.
|
| 500 |
|
|
|a "Part of the Emergency Programs Foreign Animal Disease Data Bank."
|
| 520 |
8 |
|
|a Veterinary medicine related
|
| 650 |
|
2 |
|a Ephemeral Fever
|v Bibliography.
|
| 710 |
1 |
|
|a United States.
|b Animal and Plant Health Inspection Service.
|b Veterinary Services.
|b Emergency Programs.
|
| 948 |
|
|
|a Keep in book stacks.
|
| 948 |
|
|
|a Keep per EC, 2003 evaluation; retention reasons in 505, 520, 599, or 650 fields; 11/17/2003, sg.
|
| 999 |
|
|
|a MARS
|
| 999 |
f |
f |
|s f2f4e83d-6552-3cc1-b1db-0f283fed632a
|i 22bed122-5096-36a3-960c-dde91ce4fdc8
|t 0
|
| 952 |
f |
f |
|p ric
|a Texas A&M University
|b Rellis Campus
|c Joint Library Facility
|d Remote Storage
|t 0
|e ZSF 967 T47 E63
|h National Library of Medicine classification
|i unmediated -- volume
|l 1981:Aug.
|m 3238900239343
|
| 998 |
f |
f |
|a ZSF 967 T47 E63
|s 1981:Aug.
|t 0
|l Remote Storage
|